000 01790nam a2200493 i 4500
001 5861
003 KOSZ 005
005 20201215103926.0
008 201215s1971 pl a f f 001 0 pol
015 _aUWD 1971/11080
035 _a991037788619705066
035 _a(PL-WaBN)b20128149-48omnis_nlop
035 _ab20128149
035 _a(OCoLC)749235898
035 _a(PL)b0000002012814
035 _a(EXLNZ-48OMNIS_NETWORK)9910432012005606
040 _aWA N
_cWA N
_dKOSZ 005/RW
046 _k1971
080 _a621.313
080 _a(075.8)
100 1 _aHorwatt, Włodzimierz
_eAutor
245 1 0 _aPodstawy konstrukcji mechanicznych dla elektryków /
_cWłodzimierz Horwatt, Jerzy Bartoszewicz.
260 _aWarszawa :
_bWydawnictwa Naukowo-Techniczne,
_c1971.
300 _a415, [1] stron :
_bilustracje ;
_c24 cm.
336 _aTekst
_btxt
_2rdacontent
337 _aBez urządzenia pośredniczącego
_bn
_2rdamedia
338 _aWolumin
_bnc
_2rdacarrier
380 _aKsiążki
380 _aPublikacje dydaktyczne
385 _mPoziom nauczania
_aSzkoły wyższe
388 1 _a1901-2000
388 1 _a1945-1989
504 _aIndeks.
521 8 _aKsiążka jest podręcznikiem do nauki przedmiotu - podstaw konstrukcji maszyn - dla studentów wydziałów elektrycznych wyższych szkół technicznych.
650 7 _aMaszyny elektryczne
_2DBN
650 7 _aBudowa i konstrukcje
655 7 _aPodręczniki akademickie
_2DBN
658 _aInżynieria i technika
700 1 _aBartoszewicz, Jerzy
_eAutor
710 2 _aWydawnictwa Naukowo-Techniczne
_4pbl
856 _uhttp://koha.tu.koszalin.pl/cgi-bin/koha/opac-detail.pl?biblionumber=5861
_yKatalog online BPK
942 _2UKD
_cKS
999 _c5861
_d5861